| 000 | 01183nam a22003377a 4500 | ||
|---|---|---|---|
| 003 | CHAP | ||
| 005 | 20220329141151.0 | ||
| 008 | 971010s1984 r 00010 d | ||
| 010 | _a63748 | ||
| 011 | _a64720 | ||
| 035 | _a70803 | ||
| 040 | _cCHAP | ||
| 082 | 0 | 4 |
_a575.1 _bA9Y |
| 100 | 0 | 0 |
_aAyala, Francisco J. _98986 |
| 245 | 1 | _aGenética moderna | |
| 260 |
_aMéxico, D. F. : _bFondo Educativo Interamericano, _c1984 |
||
| 300 |
_a836 p. _b: ilus; gráfs. |
||
| 590 |
_aBATCH-UPD _b10 _c20130109 _lUCH01 _h2355 |
||
| 590 |
_aBATCH-UPD _b10 _c20130110 _lUCH01 _h0324 |
||
| 590 |
_aBATCH-UPD _b10 _c20130110 _lUCH01 _h1817 |
||
| 590 |
_aBATCH-UPD _b10 _c20130410 _lUCH01 _h1151 |
||
| 590 |
_aBATCH-UPD _b10 _c20130914 _lUCH01 _h0500 |
||
| 590 |
_aCONVERSION _b10 _c20130109 _lUCH01 _h1334 |
||
| 650 | 1 | 4 |
_aGenética. _947469 |
| 700 | 0 |
_aKiger, John A. _963190 |
|
| 901 | _aBK | ||
| 942 | _cLIBRO | ||
| 949 |
_a575.1 A9Y _bBC _cLIBRO _d33724000908828 _eLIBRO _gI. 180097 _h67866 _i70803 _si _t65.00 |
||
| 949 |
_a575.1 A9Y _bBC _cLIBRO _d33724000939773 _eLIBRO _fc.3 _gI. 147613 _h76663 _i70803 _si _t65.00 |
||
| 949 |
_a575.1 A9Y _bBC _cLIBRO _d33724002009066 _eLIBRO _fc.2 _gI. 180098 _h67867 _i70803 _si _t65.00 |
||
| 999 |
_c63748 _d63748 |
||